A Cseh-Tót Nemzetegység Multja, Jelene És Jövője Közmüvelődési és politikai tanulmány

Bibliographic Details
Main Author: Czambel, Samuel, 1856-1909 (Author)
Corporate Author: Magyar nyomda (Martin, Slovensko) (Printer)
Format: Book
Language:Hungarian
PhysicalDescription:84 s. [9] l. príl. 19 cm
Published: [Martin] Nyomatott a turóczszentmártoni magyar nyomdában Moskóczi Ferenczné 1902
Subjects:

MARC

LEADER 00000nam a2200000na 4500
001 vtls010596330
003 SK-MaSNL
005 20260301034742.0
008 240314s1902 xo a 0na hun
015 |a SNBA1902 
040 |a SNK  |b slo  |c SNK  |e AACR2 
041 0 |a hun 
044 |a xo  |c SK 
072 7 |a 17  |x Etika. Morálna filozofia  |2 konspekt 
072 7 |a 323  |x Vnútropolitický vývoj, politický život  |2 konspekt 
080 |a 172.15  |2 2011 
080 |a 323.171(437)  |2 2011 
100 1 |a Czambel, Samuel,  |d 1856-1909  |4 aut  |9 112846 
245 1 0 |a A Cseh-Tót Nemzetegység Multja, Jelene És Jövője  |b Közmüvelődési és politikai tanulmány  |c Irta Dr. Czambel Samu 
260 |a [Martin]  |b Nyomatott a turóczszentmártoni magyar nyomdában Moskóczi Ferenczné  |c 1902 
300 |a 84 s.  |b [9] l. príl.  |c 19 cm 
500 |a Za textom výstrižky z novín k téme 
561 |a Peč.: Advokát J.U.Dr. V. Clementis.  |5 SNK SD 232 D1 
650 0 7 |a čechoslovakizmus  |2 SNKPH  |9 4732 
650 0 7 |a nacionalizmus  |2 SNKPH  |9 4731 
650 0 7 |a lingvistika  |2 SNKPH  |9 860 
655 7 |a štúdie  |2 SNKPH  |9 57033 
700 1 |a Clementis, Vladimír,  |d 1902-1952  |4 fmo  |9 36924 
710 2 |a Magyar nyomda (Martin, Slovensko),  |d 1881-1918  |4 prt  |9 336176 
752 |a Slovensko  |d Martin 
852 |a SNK  |p SD 232 
999 |c 582467  |d 584397 
952 |a SNK  |b SNK  |y PREZ  |7 0  |p 17A0830177  |o snkSD 232   |i snk463/27  |0 0  |1 0  |4 0  |d 2013-06-04  |l 0  |r 2025-10-15 00:00:00  |w 2026-02-23 
952 |a SNK  |b SNK  |y PREZ  |7 0  |0 0  |1 0  |4 0  |d 2014-05-13  |l 0  |r 2026-02-23 14:56:58  |w 2026-02-23 
952 |a SNK  |b SNK  |y VYP  |7 0  |p 17A0362431  |o snkSD 232 D1  |i snkKSK 23/1957  |8 3  |0 0  |1 0  |4 0  |d 2002-11-09  |l 0  |r 2005-01-02 00:00:00  |w 2026-02-23 
952 |a SNK  |b SNK  |y VYP  |7 0  |p 17A0362447  |o snkSD 232 D2  |i snkII. 575/1948  |0 0  |1 0  |4 0  |d 2002-11-09  |l 0  |r 2005-01-02 00:00:00  |w 2026-02-23 
952 |a SNK  |b SNK  |y VYP  |7 0  |p 17A0362430  |o snkSD 232 D3  |i snkF 4384/1982  |8 5  |0 0  |1 0  |4 0  |d 2002-11-09  |l 0  |r 2005-01-02 00:00:00  |w 2026-02-23